| 000 | 01261pam a2200193 a 4500 | ||
|---|---|---|---|
| 999 |
_c3219 _d3219 |
||
| 020 | _a0830414002 | ||
| 020 | _a9780830414000 | ||
| 050 | 0 | 0 |
_aHV40 _b.K57 |
| 100 | 2 | _aKirst-Ashman, Karen Kay. | |
| 245 | 1 | 0 |
_aGeneralist practice with organizations and communities / _cKaren K. Kirst-Ashman and Grafton H. Hull, Jr. |
| 260 |
_aChicago : _bNelson-Hall Publishers, _cc1997. |
||
| 300 |
_axxi, 576 p. : _bill. ; _c26 cm. |
||
| 505 | _aUsing Micro Skills in the Macro Environment -- Using Mezzo Skills in the Macro Environment -- Understanding Organizations -- Prepare--Decision Making for Organizational Change -- Imagine--How to Implement Macro Intervention: Changing Agency Policy -- Imagine--Project Implementation and Program Development -- Understanding Neighborhoods and Communities -- Macro Practice in Communities -- Evaluating Macro Practice -- Advocacy and Social Action with Populations-at-Risk -- Ethics and Ethical Dilemmas in Macro Practice -- Working with the Courts -- Developing and Managing Agency Resources -- Stress and Time Management -- Resumes, Interviewing, and Getting the Job. | ||
| 650 | 0 | _aSocial service. | |
| 650 | 0 | _aSocial case work. | |
| 650 | 0 | _aCommunity organization. | |
| 700 | 1 | _aHull, Grafton H., | |
| 942 | _cBK | ||